000 00823nam a22002297a 4500
005 20140227160041.0
008 140227b2009 mx ||||| |||| 00| 0 spa d
020 _a9786070206849
041 _aspa
044 _amx
082 _a633.72
_bK19o
100 1 _aKato-Yamakake, Takeo Ángel
_912340
245 1 0 _aOrigen y diversificación del maíz, una revisión analítica
260 _aMéxico
_bUniversidad Nacional Autónoma de México. Instituto de Biología
_bCONABIO
_c2009
300 _a116 p.
_bil. (col), tablas
_c28 cm.
505 _aIncluye revisión de la literatura en referencias bibliográficas (pag. 100-115)
650 6 _aMaíz
_xHistoria
_912341
650 6 _aMaíz
_xClasificación
_912342
700 1 _aMapes-Sanchez, Cristina
_912343
700 1 _aMera-Obando, Luz Marina
_912344
942 _2ddc
_cImpreso
999 _c8177
_d8177